000 01389nam a2200325 a 4500
001 BRCA_8666
005 20190320210349.0
008 021216s1789----it-#######---#000-0#lat-#
041 _alat
044 _ait
050 4 _aBX1970
_b.V73
_c1789
100 1 _aV., Pauli
_921624
245 1 0 _aMissale monasticum
_cPauli V.
260 _aVenetiis
_bEx typographia joannis antonii pezzana
_c1789
300 _a1 vol. (con varias paginaciones)
_c33 cm
500 _aFondo antiguo
500 _aSe encuentra en Caja Fuerte
500 _aCOF-31
500 _aPortada impresa en dos tintas negro y rojo con grabado
500 _aUso de letras capitulares
500 _aTexto impreso en dos columnas
500 _aIncluye tablas y pentagramas musicales
500 _aNota de encuadernación: terciopelo y aplicaciones de plata en relieve con la imagen de ángeles y jesús, broches metálicos en plata incompletos
500 _aCon dedicatoria: Pius episcopus servus servorum dei, Clemens Papa VIII, Urbanus Papa VIII
505 0 _aSe incluye otro libro con el título: Missae Sanctorum quae concessae jussu editae illustrissimi ac reverendissimo domini D. Michaelis Navazio
506 0 _aFondo reservado: para su consulta es necesario credencial de usuario y carta de motivos
650 1 4 _aIglesia católica
_eLiturgia y rigual
_vMisal
_921625
902 _aLAR
942 _2lcc
_cB
999 _c8325
_d8325